| 000 | 00000nam##2200000za#4500 |
| 001 | 9.577912 |
| 003 | CaOODSP |
| 005 | 20210624185834 |
| 007 | cr ||||||||||| |
| 008 | 150406|1983||||xxc|||||o f|0| 0 eng|d |
| 022 | |a1488-5387 |
| 040 | |aCaOODSP|beng |
| 043 | |an-cn--- |
| 086 | 1 |aFs97-4/1733E-PDF |
| 110 | 1 |aCanada. |bDepartment of Fisheries and Oceans. |
| 245 | 10|aTrapping and coded wire tagging of wild juvenile chinook salmon in the Upper Fraser River, 1979-1981 / |h[electronic resource]|cby A.Y. Fedorenko, P.E.I. Fee and A.L. Kahl. |
| 260 | |aNew Westminster - British Columbia : |bFisheries and Oceans Canada |cJune 1983. |
| 300 | |a56p.|bgraphs, maps, references, tables, photographs |
| 490 | 1 |aCanadian manuscript report of fisheries and aquatic sciences|x1488-5387|vNo. 1733 |
| 500 | |aThe catalogue number (Fs97-4/1733) and ISSN (0706-6473) for the print edition have been incorrectly copied in this electronic publication. |
| 546 | |a(Résumés en français) |
| 590 | |a13-27-Supp|b2013-11-15 |
| 690 | 07|aSalt water fish|2gcpds |
| 690 | 07|aFisheries management|2gcpds |
| 720 | 1 |aFedorenko, A. Y. |
| 720 | 1 |aKahl, A. L. |
| 720 | 1 |aFee, P. E. I. |
| 830 | #0|aCanadian manuscript report of fisheries and aquatic sciences,|x1488-5387|vNo. 1733|w(CaOODSP)9.505211 |
| 856 | 40|ahttp://publications.gc.ca|qPDF|s13.44 MB|uhttps://publications.gc.ca/collections/collection_2013/mpo-dfo/Fs97-4-1733-eng.pdf|yNo. 1733 |